[Event "Kesarovski Georgiev Memorial 6th"]
[Site "Sunny Beach"]
[Date "2007.09.15"]
[Round "6"]
[White "Georgiev, Krum"]
[Black "Karakehajov, Kalin"]
[Result "1-0"]
[WhiteElo "2500"]
[BlackElo "2429"]
[PlyCount "77"]
[EventDate "2007.09.10"]
[EventType "swiss"]
[EventRounds "9"]
[EventCountry "BUL"]
[SourceTitle "CBM 120 Extra"]
[Source "ChessBase"]
[SourceDate "2007.11.01"]
[SourceVersion "1"]
[SourceVersionDate "2007.11.01"]
[SourceQuality "1"]

1. e4 e5 2. Nf3 Nc6 3. Bb5 a6 4. Ba4 Nf6 5. 0-0 Be7 6. Re1 b5 7. Bb3 0-0 8. c3 d5 9. exd5 Nxd5 10. a4 Bb7 11. axb5 axb5 12. Rxa8 Bxa8 13. Na3 Na5 14. Bxd5 Bxd5 15. Nxe5 f6 16. Ng4 f5 17. Ne5 Nc6 18. Nxc6 Bxc6 19. Qb3+ Bd5 20. Qxb5 c6 21. Qe2 Bd6 22. Nc4 Bxh2+ 23. Kxh2 Qh4+ 24. Kg1 Bxc4 25. d3 Bf7 26. Qf3 Bd5 27. Qf4 Qf6 28. Be3 Re8 29. Ra1 h6 30. Ra7 c5 31. c4 Bc6 32. b4 cxb4 33. Bd4 g5 34. Qc7 Qg6 35. f3 g4 36. Qb6 Re1+ 37. Kf2 Qe6 38. Rg7+ Kf8 39. Qxb4+ 1-0

[Event "Kesarovski Georgiev Memorial 6th"]
[Site "Sunny Beach"]
[Date "2007.09.14"]
[Round "5"]
[White "Rusev, Krasimir"]
[Black "Karakehajov, Kalin"]
[Result "1-0"]
[WhiteElo "2443"]
[BlackElo "2429"]
[PlyCount "63"]
[EventDate "2007.09.10"]
[EventType "swiss"]
[EventRounds "9"]
[EventCountry "BUL"]
[SourceTitle "CBM 120 Extra"]
[Source "ChessBase"]
[SourceDate "2007.11.01"]
[SourceVersion "1"]
[SourceVersionDate "2007.11.01"]
[SourceQuality "1"]

1. d4 d5 2. Nf3 e6 3. e3 Nf6 4. b3 Be7 5. Bd3 0-0 6. 0-0 b6 7. Nbd2 c5 8. Bb2 cxd4 9. exd4 Ba6 10. c4 Nbd7 11. Qe2 Rc8 12. Rad1 Qc7 13. Ne5 dxc4 14. Ndxc4 Bb7 15. f4 g6 16. h4 Bd5 17. g4 Rfd8 18. h5 Bf8 19. Rf2 b5 20. Ne3 a6 21. hxg6 hxg6 22. g5 Nh5 23. Nxd5 exd5 24. Nxg6 Ng7 25. Ne5 Nxe5 26. fxe5 Qe7 27. Rf6 Qd7 28. g6 fxg6 29. Bxg6 Qh3 30. Rd3 Qh4 31. Bf7+ Kh7 32. Qg2 1-0

[Event "Galatzi GP op"]
[Site "Galatzi"]
[Date "2007.05.15"]
[Round "9"]
[White "Miron, Lucian Costin"]
[Black "Karakehajov, Kalin"]
[Result "0-1"]
[WhiteElo "2375"]
[BlackElo "2443"]
[PlyCount "54"]
[EventDate "2007.05.08"]
[EventType "swiss"]
[EventRounds "9"]
[EventCountry "ROU"]
[SourceTitle "CBM 118 Extra"]
[Source "ChessBase"]
[SourceDate "2007.07.04"]
[SourceVersion "1"]
[SourceVersionDate "2007.07.04"]
[SourceQuality "1"]

1. d4 d5 2. c4 e6 3. Nc3 c6 4. e4 dxe4 5. Nxe4 Bb4+ 6. Bd2 Qxd4 7. Bxb4 Qxe4+ 8. Be2 c5 9. Bxc5 Qxg2 10. Qd6 Nd7 11. 0-0-0 Qc6 12. Qxc6 bxc6 13. Bf3 Bb7 14. Bd6 Nh6 15. Ne2 Nf5 16. Be4 Nxd6 17. Rxd6 0-0-0 18. Bxc6 Kc7 19. Bxb7 Kxd6 20. Kc2 Ke7 21. Bg2 Ne5 22. b3 Rd7 23. Nc3 Rhd8 24. Ne4 Ng4 25. Kc3 Rd1 26. Rxd1 Rxd1 27. Bf3 Rg1 0-1

[Event "Galatzi GP op"]
[Site "Galatzi"]
[Date "2007.05.14"]
[Round "8"]
[White "Karakehajov, Kalin"]
[Black "Szabo, Gergely Andras"]
[Result "0-1"]
[WhiteElo "2443"]
[BlackElo "2512"]
[PlyCount "133"]
[EventDate "2007.05.08"]
[EventType "swiss"]
[EventRounds "9"]
[EventCountry "ROU"]
[SourceTitle "CBM 118 Extra"]
[Source "ChessBase"]
[SourceDate "2007.07.04"]
[SourceVersion "1"]
[SourceVersionDate "2007.07.04"]
[SourceQuality "1"]

1. d4 Nf6 2. c4 g6 3. Nc3 Bg7 4. e4 d6 5. Be2 0-0 6. Bg5 Na6 7. h4 e5 8. d5 Nc5 9. b4 Na6 10. a3 c6 11. h5 h6 12. Be3 cxd5 13. cxd5 Bd7 14. Qd2 g5 15. f3 Ne8 16. g4 Bf6 17. Bd3 Nac7 18. Qf2 Qb8 19. a4 b5 20. a5 Na6 21. Na2 Nec7 22. Rb1 Qb7 23. Ne2 Rfc8 24. 0-0 Ne8 25. Ng3 Ng7 26. Rfc1 Rxc1+ 27. Rxc1 Bd8 28. Nf1 f6 29. Nd2 Ne8 30. Nb3 Kf7 31. Kg2 Be7 32. Rc3 Bd8 33. Bb1 Be7 34. Rc2 Bd8 35. Nbc1 Nac7 36. Nd3 a6 37. Nc5 dxc5 38. bxc5 Qc8 39. Kg3 f5 40. gxf5 Nf6 41. Nb4 Nce8 42. Nd3 Bxf5 43. Nxe5+ Kg7 44. Rd2 Bh3 45. d6 Bxa5 46. Rd5 Be6 47. Bd4 Nxh5+ 48. Kh2 Nef6 49. Ng4 Bxg4 50. fxg4 Qxg4 51. Rf5 Rf8 52. e5 Bd8 53. c6 Nf4 54. Rxf4 gxf4 55. Qg1 Qxg1+ 56. Kxg1 Nd5 57. e6+ Bf6 58. Bc5 Nc7 59. Bf5 Bd8 60. Bd4+ Bf6 61. Bb6 Nd5 62. Bc5 Be5 63. e7 Bxd6 64. Bxd6 Re8 65. Bd7 Kf7 66. Bxe8+ Kxe8 67. c7 0-1